000 00383 a2200145 4500
999 _c5568
_d5568
020 _a0797407170
050 _aPL8681.11 FOR 1981
100 _aFortune, G.
245 _aShona grammatical constructions :
_bVol. 1 /
_cG. Fortune
264 _aHarare
_bMercury Press
_c1981
300 _a193p. :
500 _aChishona
650 _aChishona mutauro
942 _2lcc
_cBK
_h8681.11
_iFOR
_kPL